The Law Reports (1999) Family Division: and on Appeal therefrom in the Court of Appeal and decisions in the Ecclesiastical Courts. / (Record no. 5968)
[ view plain ]
| 000 -LEADER | |
|---|---|
| fixed length control field | 00479nam a22001457a 4500 |
| 008 - FIXED-LENGTH DATA ELEMENTS--GENERAL INFORMATION | |
| fixed length control field | 160718b xxu||||| |||| 00| 0 eng d |
| 050 ## - LIBRARY OF CONGRESS CALL NUMBER | |
| Classification number | KD279.4.L39(1999) |
| 245 ## - TITLE STATEMENT | |
| Title | The Law Reports (1999) Family Division: and on Appeal therefrom in the Court of Appeal and decisions in the Ecclesiastical Courts. / |
| 260 ## - PUBLICATION, DISTRIBUTION, ETC. | |
| Place of publication, distribution, etc. | London: |
| Name of publisher, distributor, etc. | ICLR; |
| Date of publication, distribution, etc. | 1999 |
| 300 ## - PHYSICAL DESCRIPTION | |
| Extent | xxi, 336p.; |
| Other physical details | 24cm |
| 800 ## - SERIES ADDED ENTRY--PERSONAL NAME | |
| Relationship | Williams, Robert |
| 800 ## - SERIES ADDED ENTRY--PERSONAL NAME | |
| Relationship | Agyeman, Bernard |
| 800 ## - SERIES ADDED ENTRY--PERSONAL NAME | |
| Relationship | Ellis,Carol |
| 942 ## - ADDED ENTRY ELEMENTS (KOHA) | |
| Source of classification or shelving scheme | Library of Congress Classification |
| Koha item type | Books |
| Withdrawn status | Lost status | Source of classification or shelving scheme | Damaged status | Not for loan | Home library | Current library | Date acquired | Total Checkouts | Full call number | Barcode | Date last seen | Price effective from | Koha item type |
|---|---|---|---|---|---|---|---|---|---|---|---|---|---|
| Library of Congress Classification | WISCONSIN INTERNATIONAL UNIVERSITY COLLEGE, GHANA - MAIN LIBRARY | WISCONSIN INTERNATIONAL UNIVERSITY COLLEGE, GHANA - MAIN LIBRARY | 18/07/2016 | KD279.4.L39(1999) | 1375/364/14 | 18/07/2016 | 18/07/2016 | Books |
